<?xml version="1.0" encoding="UTF-8"?>
<collection xmlns="http://www.loc.gov/MARC21/slim">
 <record>
  <leader>01691nam a2200217Ia 4500</leader>
  <controlfield tag="001">TDMU_37788</controlfield>
  <controlfield tag="008">210410s9999    xx            000 0 und d</controlfield>
  <datafield tag="082" ind1=" " ind2=" ">
   <subfield code="a">306.38</subfield>
  </datafield>
  <datafield tag="090" ind1=" " ind2=" ">
   <subfield code="b">H201</subfield>
  </datafield>
  <datafield tag="100" ind1=" " ind2=" ">
   <subfield code="a">Heimans, Jeremy</subfield>
  </datafield>
  <datafield tag="245" ind1=" " ind2="0">
   <subfield code="a">Quyền lực mới : Tương lai thế giới sẽ được định hình như thế nào ?</subfield>
  </datafield>
  <datafield tag="245" ind1=" " ind2="0">
   <subfield code="c">Jeremy Heimans, Henry Timms ; Huỳnh Hữu Tài (dịch)</subfield>
  </datafield>
  <datafield tag="260" ind1=" " ind2=" ">
   <subfield code="a">Tp. Hồ Chí Minh</subfield>
  </datafield>
  <datafield tag="260" ind1=" " ind2=" ">
   <subfield code="b">Tổng hợp Tp. Hồ Chí Minh; Công ty Văn hóa Sáng tạo Trí Việt</subfield>
  </datafield>
  <datafield tag="260" ind1=" " ind2=" ">
   <subfield code="c">2019</subfield>
  </datafield>
  <datafield tag="300" ind1=" " ind2=" ">
   <subfield code="a">342tr.</subfield>
  </datafield>
  <datafield tag="520" ind1=" " ind2=" ">
   <subfield code="a">Tên sách nguyên bản : New power - How power works in our hyperconnected world and how to make it work for you; Mô tả sự đối đầu quyết liệt giữa quyền lực mới với quyền lực cũ. Dựa trên những kinh nghiệm của chính các tác giả trong việc tạo dựng các mô hình quyền lực mới, tác giả không chỉ bao quát các vấn đề quản trị nhân sự, hiệu quả của mạng xã hội mà còn đặt câu ra những câu hỏi nhân văn về chính chúng ta: chúng ta đang ở đâu, có trách nhiệm gì đối với việc xây dựng một công ty, cộng đồng, đất nước, thế giới ngày càng tốt đẹp hơn...</subfield>
  </datafield>
  <datafield tag="650" ind1=" " ind2=" ">
   <subfield code="a">Chính trị</subfield>
   <subfield code="x">Quyền lực</subfield>
   <subfield code="x">Xã hội</subfield>
   <subfield code="x">Mạng xã hội</subfield>
  </datafield>
  <datafield tag="700" ind1=" " ind2=" ">
   <subfield code="a">Timms, Henry</subfield>
  </datafield>
  <datafield tag="856" ind1=" " ind2=" ">
   <subfield code="u">http://lrc.tdmu.edu.vn/opac/search/detail.asp?aID=2&amp;ID=37788</subfield>
  </datafield>
  <datafield tag="980" ind1=" " ind2=" ">
   <subfield code="a">Trung tâm Học liệu Trường Đại học Thủ Dầu Một</subfield>
  </datafield>
 </record>
</collection>
